LEADER 00790nam0-2200289---450- 001 990009120320403321 005 20091125110353.0 010 $a978-88-13-29624-7 035 $a000912032 035 $aFED01000912032 035 $a(Aleph)000912032FED01 035 $a000912032 100 $a20091125d2009----km-y0itay50------ba 101 0 $aita 102 $aIT 105 $a--------001yy 200 1 $aProcedimenti e processualprocedimento$fEnzo Maria Marenghi 210 $aPadova$cCedam$d2009 215 $aXIV, 223 p.$d24 cm 700 1$aMarenghi,$bEnzo Maria$034422 801 0$aIT$bUNINA$gRICA$2UNIMARC 901 $aBK 912 $a990009120320403321 952 $aVI B 1139$b8074$fDDA 959 $aDDA 996 $aProcedimenti e processualprocedimento$9783542 997 $aUNINA LEADER 01751nam 2200361 n 450 001 9910220002003321 005 20230221123314.0 035 $a(CKB)3800000000216680 035 $a(NjHacI)993800000000216680 035 $a(EXLCZ)993800000000216680 100 $a20230221d1998 uy 0 101 0 $aeng 135 $aur||||||||||| 181 $ctxt$2rdacontent 182 $cc$2rdamedia 183 $acr$2rdacarrier 200 00$aExpulsion of the Jews and their Emigration to the Southern Low Countries $e15th-16th Century /$fedited by Luc Dequeker and Werner Verbeke 210 1$aLeuven :$cLeuven University Press,$d1998. 215 $a1 online resource (xix, 117 pages) 311 $a90-6186-864-5 330 $aThe present volume originates from a colloquium which was organized by the Belgian Institutum Judaicum and the Instituut voor Middeleeuwse Studies of the Katholieke Universiteit Leuven in a common effort to commemorate the tragical events in the history of European Jewry around 1492. The organisers intended to elucidate neglected aspects of the spiritual landscape of medieval Spain on the eve of the expulsion and to draw the attention, by way of a few examples, to the sequels of Jewish emigration for the intellectual circles in the Southern Low Countries during the 16th century. 517 $aExpulsion of the Jews and their Emigration to the Southern Low Countries 606 $aDeportation 615 0$aDeportation. 676 $a342.082 702 $aVerbeke$b Werner 702 $aDequeker$b Luc 801 0$bNjHacI 801 1$bNjHacl 906 $aBOOK 912 $a9910220002003321 996 $aExpulsion of the Jews and their Emigration to the Southern Low Countries$93012344 997 $aUNINA LEADER 02328nam 22004813 450 001 9910821356203321 005 20210901203522.0 010 $a1-63742-051-X 035 $a(CKB)4100000011920500 035 $a(MiAaPQ)EBC6579943 035 $a(Au-PeEL)EBL6579943 035 $a(OCoLC)1250074800 035 $a(CaSebORM)9781637420515 035 $a(BIP)078910865 035 $a(EXLCZ)994100000011920500 100 $a20210901d2021 uy 0 101 0 $aeng 135 $aurcnu|||||||| 181 $ctxt$2rdacontent 182 $cc$2rdamedia 183 $acr$2rdacarrier 200 10$aCalling Out COVID-19 $eBusiness Strategies for Surviving a 'Pompeii Event' 205 $a1st ed. 210 1$aNew York :$cBusiness Expert Press,$d2021. 210 4$dİ2021. 215 $a1 online resource (158 pages) 311 $a1-63742-050-1 327 $aCover -- Half-Title -- Title -- Copyright -- Dedication -- Description -- Contents -- Reviews -- Foreword -- Acknowledgments -- Chapter 1: "Pompeii Event": The COVID-19 Catastrophe -- Chapter 2: Innovation 101 -- Chapter 3: Cash Flow Management 101 -- Chapter 4: Fraud 101 -- Chapter 5: Corporate Governance 101 -- Chapter 6: Conclusion -- Appendix -- Bibliography -- About the Authors -- Index -- Adpage -- Backcover. 330 $aThis book is written for business owners, entrepreneurs, leadership, or management teams in public or third sector and professionals who are currently dealing with the COVID-19 epidemic. It offers tools and techniques located in the economics of innovation, other frameworks such as the Fraud Triangle, and the authors extensive experience including rigorous cash management, practical fraud prevention, and detection and advice on implementing and refining corporate governance structures. The book will also be of interest to postgraduate including MBA students and business researchers. 610 $aBusiness 610 $aBusiness & Economics 676 $a658.42 700 $aSheikh$b Faisal$01659673 701 $aIyer$b Nigel Krishna$01679370 701 $aLeigh$b Brian$01679371 701 $aRubasundram$b Geetha A$01679372 801 0$bMiAaPQ 801 1$bMiAaPQ 801 2$bMiAaPQ 906 $aBOOK 912 $a9910821356203321 996 $aCalling Out COVID-19$94047539 997 $aUNINA